000 00433nam a22001337a 4500
999 _c509839
_d509839
020 _a9788171398676
082 _aX8x54 B469w
100 _aBhargava, Rajat
_96357
245 _aWaste management:
_ban introduction
_cby Rajat Bhargava
260 _aNew Delhi
_bJnanada and National Institute of Clealiness Education and Research
_c2018
300 _aviii, 320p.
650 _aSanitation -- India
_96572
650 _aWaste management
_96573